000
00294nam a2200121Ia 4500
008
220204s9999 xx 000 0 und d
082
_a
025.45UDC
_b
BOS
100
_a
Bose, H
245
0
_a
Universal decimal classification
250
_a
Ed.2 Rev
260
_a
Delhi
_b
Sterling
_c
1990
942
_c
BK
999
_c
40099
_d
40099